| 000 -LEADER |
| fixed length control field |
00347nam a22001337a 4500 |
| 008 - FIXED-LENGTH DATA ELEMENTS--GENERAL INFORMATION |
| fixed length control field |
200305b ||||| |||| 00| 0 eng d |
| 082 00 - DEWEY DECIMAL CLASSIFICATION NUMBER |
| Classification number |
620.112 |
| Item number |
R1619 |
| 100 ## - MAIN ENTRY--PERSONAL NAME |
| 9 (RLIN) |
2063 |
| Personal name |
Rajput, R.K. |
| 245 10 - TITLE STATEMENT |
| Title |
Strength of materials / |
| 260 ## - PUBLICATION, DISTRIBUTION, ETC. (IMPRINT) |
| Place of publication, distribution, etc |
New Delhi: |
| Name of publisher, distributor, etc |
S. Chand, |
| Date of publication, distribution, etc |
2009. |
| 300 ## - PHYSICAL DESCRIPTION |
| Extent |
1424 p. |
| 650 #0 - SUBJECT ADDED ENTRY--TOPICAL TERM |
| Topical term or geographic name as entry element |
Materials Science |
| 942 ## - ADDED ENTRY ELEMENTS (KOHA) |
| Item type |
Books |